Účtovníctvo obcí a samosprávnych krajov v kontexte územnej samosprávy SR diplomová práca

Uložené v:
Podrobná bibliografia
Hlavný autor: Leňová, Radka
Korporativný autor: Národohospodárska fakulta EU. Katedra financií
Ďalší autori: Šabíková, Ingrid
Médium: Kniha
Jazyk:Slovak
Vydavateľské údaje: Bratislava 2013
Tagy: Pridať tag
Žiadne tagy, Buďte prvý, kto otaguje tento záznam!

MARC

LEADER 00000nbm a2200000 4500
001 0170521
005 20161109102351.9
041 0 |a slo 
044 |a SK 
245 1 0 |a Účtovníctvo obcí a samosprávnych krajov v kontexte územnej samosprávy SR  |b diplomová práca  |c Radka Leňová ; školiteľ: Ingrid Šabíková 
264 1 |a Bratislava  |c 2013 
300 |a 75 s. 
100 1 |a Leňová, Radka 
700 1 |a Šabíková, Ingrid 
710 2 |a Národohospodárska fakulta EU. Katedra financií